Combinatorial Optimization: Algorithms and Complexity (Record no. 1251)

MARC details
000 -LEADER
fixed length control field 00470nam a22001697a 4500
005 - DATE AND TIME OF LATEST TRANSACTION
control field 20260429160623.0
008 - FIXED-LENGTH DATA ELEMENTS--GENERAL INFORMATION
fixed length control field 160521b xxu||||| |||| 00| 0 eng d
020 ## - INTERNATIONAL STANDARD BOOK NUMBER
ISBN 81-203-1139-6
041 ## - LANGUAGE CODE
Language code of text/sound track or separate title eng
082 ## - DEWEY DECIMAL CLASSIFICATION NUMBER
Item number 3659
Classification number 511.6
100 ## - MAIN ENTRY--AUTHOR NAME
Personal name Christos H. Papadimitriou and Kenneth Steiglitz
245 ## - TITLE STATEMENT
Title Combinatorial Optimization: Algorithms and Complexity
260 ## - PUBLICATION, DISTRIBUTION, ETC. (IMPRINT)
Place of publication New Delhi
Name of publisher PHI,
Year of publication 2003
300 ## - PHYSICAL DESCRIPTION
Number of Pages 486
650 ## - SUBJECT ADDED ENTRY--TOPICAL TERM
Topical Term Information Technology
942 ## - ADDED ENTRY ELEMENTS (KOHA)
Koha item type Books
Holdings
Lost status Damaged status Collection code Home library Current library Shelving location Date acquired Cost, normal purchase price Full call number Accession Number Koha item type
    MANAGEMENT JRU Library JRU Library SHELF-75-F 21/05/2016 195.00 511.6 3659 Books
    CS/IT JRU Library JRU Library SHELF-57-E 21/05/2016 195.00 511.6 3660 Books
    CS/IT JRU Library JRU Library SHELF-57-E 21/05/2016 195.00 511.6 3661 Books
      JRU Library   SHELF-30-C 21/05/2016 195.00 511.6 3662 Books